Clínica quirúrgica (Record no. 160206)

MARC details
000 -LEADER
campo de control de longitud fija 00981nam a22002175i 4500
001 - NÚMERO DE CONTROL
campo de control 160206
003 - IDENTIFICADOR DE NÚMERO DE CONTROL
campo de control ES-MaACL
005 - FECHA Y HORA DE LA ÚLTIMA TRANSACCIÓN
campo de control 20250719063318.0
008 - DATOS DE LONGITUD FIJA--INFORMACIÓN GENERAL
campo de control de longitud fija 021028s1872 sp |||| | spa d
040 ## - FUENTE DE CATALOGACIÓN
Centro catalogador/agencia de origen CCPB | B
Lengua de catalogación spa
Centro/agencia transcriptor CCPB | B
100 1# - ENTRADA PRINCIPAL--NOMBRE DE PERSONA
Nombre de persona Moreno y Pozo, Adolfo,
Fechas asociadas al nombre 1848-1897
9 (RLIN) 130183
245 10 - MENCIÓN DEL TÍTULO
Título Clínica quirúrgica
Resto del título : (primer curso) : curso de 1871 a 1872 /
Mención de responsabilidad, etc. a cargo de Adolfo Moreno y Pozo.
260 ## - PUBLICACIÓN, DISTRIBUCIÓN, ETC.
Lugar de publicación, distribución, etc. Madrid :
Nombre del editor, distribuidor, etc. [s.n.],
Fecha de publicación, distribución, etc. 1872 (
Fabricante Imprenta Médica de la Viuda e Hijos de M. Alvarez)
300 ## - DESCRIPCIÓN FÍSICA
Extensión 48 p. ;
Dimensiones 22 cm.
530 ## - NOTA DISPONIBLE DE FORMULARIO FÍSICO ADICIONAL
Nota de formato físico adicional disponible Disponible también en sitio web.
594 ## - Nota al título y mención de responsabilidad
Nota al título y mención de responsabilidad Precede al título: Facultad de Medicina.
650 #7 - PUNTO DE ACCESO ADICIONAL DE MATERIA--TÉRMINO DE MATERIA
Término de materia o nombre geográfico como elemento de entrada Clínica quirúrgica
Fuente del encabezamiento o término embne-DP
9 (RLIN) 148887
852 ## - LOCALIZACIÓN
Ubicación ES-MaACL
Número de control de estantería T-561-F-9
Nota libre -- Enc. hol. conservando la cub. original
-- -- Enc. en un vol. facticio
856 ## - LOCALIZACIÓN Y ACCESO ELECTRÓNICOS
Identificador Uniforme de Recursos <a href="http://bibliotecadigitalhispanica.bne.es:80/webclient/DeliveryManager?pid=1833861&custom_att_2=simple_viewer">http://bibliotecadigitalhispanica.bne.es:80/webclient/DeliveryManager?pid=1833861&custom_att_2=simple_viewer</a>
Nota pública Ir a la página
Holdings
Estatus retirado Estado de pérdida Estado de daño No para préstamo Colección Biblioteca de origen Biblioteca actual Ubicación en estantería Fecha de adquisición Total de préstamos Signatura topográfica completa Código de barras Visto por última vez Precio de reemplazo Tipo de ítem Koha
        Colección de folletos Biblioteca del Ateneo de Madrid Biblioteca del Ateneo de Madrid Depósito folletos 17/01/2008   T-561-F-9 1167733 23/02/2023 23/02/2023 Folleto